| 000 | 00586nam a2200181Ia 4500 | ||
|---|---|---|---|
| 008 | 140321s9999 xx 000 0 und d | ||
| 020 | _a9789719900726 | ||
| 050 |
_aP 90 _b.B37 2011 |
||
| 100 | _aBatnag, Aurora E. | ||
| 245 |
_aSayusay : _bsining ng mabisang pagpapahayag / _cAurora E. Batnag, Teresita F. Fortunato and Alvin Ringgo C. Reyes. |
||
| 260 |
_aQuezon City : _bC & E Pub., _cc2011. |
||
| 300 |
_a209 p. : _bill. ; _c26 cm. |
||
| 500 | _aIncludes bibliographical references and index. | ||
| 521 | _aMC | ||
| 650 | _aCommunication. | ||
| 942 |
_kLOC _cBK |
||
| 999 |
_c48272 _d48272 |
||